Statistics for 100 Greatest Film Performances of All Time

Click here to take the quiz!

General Stats

  • This quiz has been taken 1,015 times
  • The average score is 49 of 100

Answer Stats

Rank Character Film (Year) Actor/Actress % Correct
79Captain Jack SparrowPirates of the Caribbean: the Curse of the Black Pearl (2003)Johnny Depp
96%
46Chuck NolandCast Away (2000)Tom Hanks
91%
42Travis BickleTaxi Driver (1976)Robert De Niro
89%
70Dr. Hannibal LecterThe Silence of the Lambs (1991)Anthony Hopkins
88%
92"Dirty" Harry CallahanDirty Harry (1971)Clint Eastwood
87%
20Michael CorleoneThe Godfather Part II (1974)Al Pacino
85%
47Randle Patrick McMurphyOne Flew Over the Cuckoo's Nest (1975)Jack Nicholson
84%
73Tony ManeroSaturday Night Fever (1977)John Travolta
81%
33Michael Dorsey/Dorothy MichaelsTootsie (1982)Dustin Hoffman
80%
27PaulLast Tango in Paris (1972)Marlon Brando
80%
43Jim StarkRebel Without a Cause (1955)James Dean
79%
58Ellen RipleyAliens (1986)Sigourney Weaver
77%
41Jules WinnfieldPulp Fiction (1994)Samuel L. Jackson
77%
53Bill "the Butcher" CuttingGangs of New York (2002)Daniel Day-Lewis
76%
32Holly Golightly a.k.a. Lula Mae BarnesBreakfast at Tiffany's (1961)Audrey Hepburn
76%
48Phil ConnorsGroundhog Day (1993)Bill Murray
74%
35Truman CapoteCapote (2005)Philip Seymour Hoffman
74%
90Jeffrey "the Dude" LebowskiThe BIg Lebowski (1998)Jeff Bridges
73%
17Malcolm XMalcolm X (1992)Denzel Washington
72%
71Karen SilkwoodSilkwood (1983)Meryl Streep
71%
31Ray CharlesRay (2004)Jamie Foxx
70%
30John "Scottie" FergusonVertigo (1958)James Stewart
68%
50Sam SpadeThe Maltese Falcon (1941)Humphrey Bogart
66%
54Tracy LordThe Philadelphia Story (1940)Katharine Hepburn
66%
60Annie HallAnnie Hall (1977)Diane Keaton
66%
44the TrampCity Lights (1931)Charlie Chaplin
65%
1T.E. LawrenceLawrence of Arabia (1962)Peter O'Toole
64%
81Clementine KruczynskiEternal Sunshine of the Spotless Mind (2004)Kate Winslet
58%
34Johnny GrayThe General (1927)Buster Keaton
58%
64"Fast" Eddie FelsonThe Hustler (1961)Paul Newman
55%
100Alex DeLargeA Clockwork Orange (1971)Malcolm McDowell
53%
91Bree DanielsKlute (1971)Jane Fonda
53%
51Tom JoadThe Grapes of Wrath (1940)Henry Fonda
51%
99Navin JohnsonThe Jerk (1979)Steve Martin
50%
55Virgil TibbsIn the Heat of the Night (1967)Sidney Poitier
50%
82General George S. Patton Jr.Patton (1970)George C. Scott
49%
39King Richard IIIRichard III (1955)Laurence Olivier
48%
87Ethan EdwardsThe Searchers (1956)John Wayne
48%
68Dr. David HuxleyBringing Up Baby (1938)Cary Grant
48%
88Nick ChevotarevichThe Deer Hunter (1978)Christopher Walken
48%
56Sarah TobiasThe Accused (1988)Jodie Foster
48%
83Brandon TeenaBoys Don't Cry (1999)Hilary Swank
48%
65Jerry/DaphneSome Like It Hot (1959)Jack Lemmon
48%
5Margo ChanningAll About Eve (1950)Bette Davis
48%
9Dr. Frederick FrankensteinYoung Frankenstein (1974)Gene Wilder
47%
61Amon GoethSchindler's List (1993)Ralph Fiennes
45%
97Don LoganSexy Beast (2001)Ben Kingsley
38%
37Harry CaulThe Conversation (1974)Gene Hackman
37%
36Evelyn Cross MulwrayChinatown (1974)Faye Dunaway
36%
6George M. CohanYankee Doodle Dandy (1942)James Cagney
35%
72Esther Blodgett, a.k.a. Vicki LesterA Star Is Born (1954)Judy Garland
35%
45Tracy FlickElection (1999)Reese Witherspoon
34%
93Mildred PierceMildred Pierce (1945)Joan Crawford
34%
52Miss KentonThe Remains of the Day (1993)Emma Thompson
34%
62Sid ViciousSid & Nancy (1986)Gary Oldman
32%
95Tina TurnerWhat's Love Got to Do With It?Angela Bassett
29%
29Chance the GardenerBeing There (1979)Peter Sellers
29%
89JuxianFarewell, My Concubine (1993)Gong Li
29%
25NinotchkaNinotchka (1939)Greta Garbo
29%
23Jeffrey WigandThe Insider (1999)Russell Crowe
27%
40Suzanne Stone MarettoTo Die For (1995)Nicole Kidman
27%
14Mac SledgeTender Mercies (1983)Robert Duvall
27%
67Henry DrummondInherit the Wind (1957)Spencer Tracy
26%
69Norma DesmondSunset Boulevard (1950)Gloria Swanson
24%
98Phyllis DietrichsonDouble Indemnity (1944)Barbara Stanwyck
23%
77Leo Smalls Jr., a.k.a. Fast BlackStreet Smart (1987)Morgan Freeman
23%
66Jane CraigBroadcast News (1987)Holly Hunter
21%
85Frances FarmerFrances (1982)Jessica Lange
18%
84Lilly DillonThe Grifters (1989)Anjelica Huston
18%
76J.J. HunseckerSweet Smell of Success (1957)Burt Lancaster
18%
74Lili von ShtuppBlazing Saddles (1974)Madeline Kahn
18%
59Severine SerizyBelle de Jour (1967)Catherine Deneuve
17%
94Hans BeckertM (1931)Peter Lorre
16%
28Hildy JohnsonHis Girl Friday (1940)Rosalind Russell
15%
75Diana ScottDarling (1965)Julie Christie
14%
96Billie DawnBorn Yesterday (1950)Judy Holliday
13%
18Bess McNeillBreaking the Waves (1996)Emily Watson
13%
78Sanjuro KuwabatakeYojimbo (1961)Toshiro Mifune
12%
57Lasse KarlssonPelle the Conqueror (1987)Max von Sydow
9%
49Elisabet VoglerPersona (1966)Liv Ullmann
9%
86Bruno AnthonyStrangers on a Train (1951)Robert Walker
8%
38Maria TuraTo Be or Not to Be (1942)Carole Lombard
7%
63Mabel LonghettiA Woman Under the Influence (1974)Gena Rowlands
7%
80CatherineJules and Jim (1962)Jeanne Moreau
6%
21CabiriaNights of Cabiria (1957)Giulietta Masina
4%
26Joan of ArcThe Passion of Joan of Arc (1928)Maria Falconetti
4%

Score Distribution

Percentile by Number Answered

Percent of People with Each Score

Your Score History

You have not taken this quiz